Govt. of
Madhya Pradesh

Railways In India (Record no. 14266)

MARC details
000 -LEADER
fixed length control field 004930000a22001930004500
001 - CONTROL NUMBER
control field 002354
003 - CONTROL NUMBER IDENTIFIER
control field MACL
005 - DATE AND TIME OF LATEST TRANSACTION
control field 20150802173827.0
008 - FIXED-LENGTH DATA ELEMENTS--GENERAL INFORMATION
fixed length control field 150802b xxu||||| |||| 00| 0 eng d
040 ## - CATALOGING SOURCE
Original cataloging agency MACL
Transcribing agency MACL
041 ## - LANGUAGE CODE
Language code of text/sound track or separate title English
082 ## - DEWEY DECIMAL CLASSIFICATION NUMBER
Classification number 385/GHO
100 ## - MAIN ENTRY--PERSONAL NAME
Personal name Ghosh, Sitansu Sekhar
9 (RLIN) 4491
245 ## - TITLE STATEMENT
Title Railways In India
Remainder of title A Legend
Statement of responsibility, etc. Sitansu Sekhar Ghosh
260 ## - PUBLICATION, DISTRIBUTION, ETC. (IMPRINT)
Place of publication, distribution, etc. Kolkata
Date of publication, distribution, etc. 2006
Name of publisher, distributor, etc. Jogemayov Prorashanie,
350 ## - PRICE (NR) (BK AM CF MU VM SE) [OBSOLETE]
Price 600
650 ## - SUBJECT ADDED ENTRY--TOPICAL TERM
Topical term or geographic name as entry element Transport
9 (RLIN) 4395
942 ## - ADDED ENTRY ELEMENTS (KOHA)
Call number prefix 385
Koha item type Books
Source of classification or shelving scheme
Holdings
Withdrawn status Lost status Source of classification or shelving scheme Damaged status Not for loan Home library Current library Date acquired Cost, normal purchase price Total Checkouts Full call number Barcode Date last seen Uniform Resource Identifier Price effective from Koha item type
          MACL MACL 15/04/2015 600.00   385/GHO CRE019439 02/05/2024 14149 15/04/2015 Books